Europe Countries - Statistics

General Stats
  • This quiz has been taken 15 times
  • The average score is 33 of 45
Answers on the Map
Answers color-coded by a green-red scale on the quiz's map according to % correct below.
 
Answer Stats
Answer % Correct
Albania
83%
Austria
83%
Bosnia
83%
Denmark
83%
France
83%
Germany
83%
Greece
83%
Ireland
83%
Italy
83%
Latvia
83%
Portugal
83%
Russia
83%
Sweden
83%
Uk
83%
Belgium
75%
Estonia
75%
Finland
75%
Hungary
75%
Iceland
75%
Monaco
75%
Norway
75%
Poland
75%
Romania
75%
Spain
75%
Switzerland
75%
Ukraine
75%
Andorra
67%
Belarus
67%
Bulgaria
67%
Croatia
67%
Liechtenstein
67%
Lithuania
67%
Luxembourg
67%
Macedonia
67%
Malta
67%
Moldova
67%
Netherlands
67%
Serbia
67%
Slovakia
67%
Slovenia
67%
Czechia
58%
Kosovo
58%
San Marino
58%
Vatican City
58%
Montenegro
50%
No matching quizzes found
Score Distribution
Percent of People with Each Score
Percentile by Number Answered
Your Score History
You have not taken this quiz